Stalling the march of Thar desert: Army's eco-battalion at work (Record no. 56558)

000 -LEADER
fixed length control field 00885pab a2200193 454500
008 - FIXED-LENGTH DATA ELEMENTS--GENERAL INFORMATION
fixed length control field 180718b2003 xxu||||| |||| 00| 0 eng d
100 ## - MAIN ENTRY--PERSONAL NAME
Personal name Bose, Ashish
245 ## - TITLE STATEMENT
Title Stalling the march of Thar desert: Army's eco-battalion at work
260 ## - PUBLICATION, DISTRIBUTION, ETC.
Date of publication, distribution, etc. 2003
300 ## - PHYSICAL DESCRIPTION
Extent p.1630-632.
362 ## - DATES OF PUBLICATION AND/OR SEQUENTIAL DESIGNATION
Dates of publication and/or sequential designation 26 Apr
520 ## - SUMMARY, ETC.
Summary, etc. Ecological task forces of the Indian army, which have made significant contributions to halting ecological degradations in several regions in the country were first set up in 1982. They probably represent the first such experiment anywhere in the world of the army taking up ecological work on a regular basis. a glimpse of the work of the Territorial Army's Eco Force in Rajasthan. - Reproduced.
650 ## - SUBJECT ADDED ENTRY--TOPICAL TERM
Topical term or geographic name entry element India. Army
650 ## - SUBJECT ADDED ENTRY--TOPICAL TERM
Topical term or geographic name entry element Environment - India
650 ## - SUBJECT ADDED ENTRY--TOPICAL TERM
Topical term or geographic name entry element Environment
650 ## - SUBJECT ADDED ENTRY--TOPICAL TERM
Topical term or geographic name entry element Deserts
773 ## - HOST ITEM ENTRY
Main entry heading Economic and Political Weekly
909 ## -
-- 56558
Holdings
Withdrawn status Lost status Damaged status Not for loan Permanent Location Current Location Date acquired Serial Enumeration / chronology Barcode Date last seen Price effective from Koha item type
        Indian Institute of Public Administration Indian Institute of Public Administration 2018-07-19 Volume no: 38, Issue no: 17 AR57003 2018-07-19 2018-07-19 Articles

Powered by Koha